LEADER 01099nam0 2200289 450 001 000019531 005 20081118135150.0 010 $a0898712742 100 $a20081118d1992----km-y0itay50------ba 101 0 $aeng 102 $aUS 105 $ay-------001yy 200 1 $aTen lectures on wavelets$fIngrid Daubechies 210 $aPhiladelphia$cSociety for industrial and applied mathematics$d1992 215 $aXIX, 357 p.$d26 cm 225 2 $aCBMS-NSF regional conference series in applied mathematics$v61 410 0$12001$aCBMS-NSF regional conference series in applied mathematics 500 10$aTen lectures on wavelets$934249 610 1 $aWavelet 676 $a515.243 3$v20$9Analisi matematica. Analisi di Fourier e analisi in serie di funzioni 676 $a515.785$v20$9Analisi funzionale. Analisi in serie di funzioni astratta. 700 1$aDaubechies,$bIngrid$042831 801 0$aIT$bUNIPARTHENOPE$c20081118$gRICA$2UNIMARC 912 $a000019531 951 $aM 515.243 3/4$bM 1094$cDSA$d2008 996 $aTen lectures on wavelets$934249 997 $aUNIPARTHENOPE LEADER 01359nam 2200433 450 001 9910795076203321 005 20230808205930.0 010 $a983-861-808-X 035 $a(CKB)4340000000262991 035 $a(MiAaPQ)EBC5338907 035 $a(Au-PeEL)EBL5338907 035 $a(CaPaEBR)ebr11540414 035 $a(OCoLC)1031344621 035 $a(EXLCZ)994340000000262991 100 $a20201111d2016 uy 0 101 0 $amay 135 $aurcnu|||||||| 181 $ctxt$2rdacontent 182 $cc$2rdamedia 183 $acr$2rdacarrier 200 10$aCabaran Penyelidikan dan Pendidikan dalam Era Digital /$fFaridah Abdul Rashid 210 1$aPulau Pinang, Malaysia :$cPenerbit Universiti Sains Malaysia,$d[2016] 210 4$dİ2016 215 $a1 online resource (42 pages) 225 0 $aSiri syarahan umum pelantikan profesor 2009 ;$vbil 2 311 $a983-861-461-0 606 $aEducation, Higher$xResearch 606 $aInternet in education$xResearch 615 0$aEducation, Higher$xResearch. 615 0$aInternet in education$xResearch. 676 $a378.007 700 $aRashid$b Faridah Abdul$01537868 801 0$bMiAaPQ 801 1$bMiAaPQ 801 2$bMiAaPQ 906 $aBOOK 912 $a9910795076203321 996 $aCabaran Penyelidikan dan Pendidikan dalam Era Digital$93787440 997 $aUNINA